Statistiques concernant Clubs n'ayant jamais quitté le Top 14 depuis 2010.

Cliquez ici pour prendre le quiz!

Statistiques générales

  • Ce quiz a été pris 821 fois
    (534 depuis la dernière actualisation)
  • Le résultat moyen est 6 sur 7

Statistiques - réponses

Première - dernière montéeClub% Correct
1907 - 1907 Stade toulousain
100%
1892 - 1997 Stade français Paris
96%
1911 - 2008 RC Toulon
95%
1925 - 1925 ASM Clermont-Auvergne
93%
1892 - 2009 Racing 92
93%
1922 - 1989 Castres olympique
87%
1991 - 2003 Montpellier HR
83%

Distribution des résultats

Percentile par nombre de réponses

% des personnes avec chaque résultat

Votre développement - résultats

Vous n’avez pas pris ce quiz depuis la dernière actualisation